XI Le plus cher des joueurs de -20 ans - Statistiques

Statistiques générales
  • Ce quiz a été pris 155 fois
  • Le résultat moyen est 6 sur 16
Statistiques - réponses
Poste Nationalité Joueur Valeur Age % Correct
AD Espagnol Lamine Yamal 180,000 Mio € 17
99%
MC Espagnol Pablo Gavi 80,000 Mio € 20
70%
DC Espagnol Pau Cubarsi 70,000 Mio 18
70%
MC Français Warren Zaïre-Emery 60,000 Mio € 18
67%
BU (R) Brésilien Endrick 40,000 Mio € 18
52%
G Français Guillaume Restes 18,000 Mio € 19
49%
DC Français Leny Yoro 55,000 Mio € 19
49%
AG Argentin Alejandro Garnacho 50,000 Mio € 20
48%
DD Anglais Rico Lewis 40,000 Mio € 20
26%
DG Néerlandais Jorrel Hato 30,000 Mio € 18
23%
MOC Marocain Bilal El Khannouss 30,000 Mio € 20
9%
MOC (R) Anglais Ethan Nwaneri 30,000 Mio € 17
8%
G (R) Belge Mike Penders 5,00 Mio € 19
7%
AG (R) Anglais Jamie Gittens 50,000 Mio € 20
4%
BU Espagnol Samu Aghehowa 50,000 Mio € 20
4%
DC (R) Espagnol Cristhian Mosquera 30,000 Mio € 20
1%
Aucun quiz correspondant
Distribution des résultats
% des personnes avec chaque résultat
Percentile par nombre de réponses
Votre historique - résultats
Vous n’avez pas pris ce quiz